[Event "Sachsen-Anhalt-ch op"]
[Site "Magdeburg"]
[Date "2022.11.01"]
[Round "7"]
[White "Staehrfeldt, Philipp"]
[Black "Ehrecke, Felix"]
[Result "0-1"]
[WhiteElo "1765"]
[BlackElo "1609"]
[PlyCount "42"]
[EventDate "2022.10.29"]
[EventType "swiss"]
[EventRounds "7"]
[EventCountry "GER"]
[SourceTitle "CBM 211 Extra"]
[Source "ChessBase"]
[SourceDate "2023.01.31"]
[SourceVersion "1"]
[SourceVersionDate "2023.01.31"]
[SourceQuality "1"]

1. e4 c5 2. c3 Nf6 3. e5 Nd5 4. d4 cxd4 5. Nf3 Nc6 6. cxd4 d6 7. Bc4 dxe5 8. dxe5 Be6 9. Qe2 Nc7 10. 0-0 Bxc4 11. Qxc4 Ne6 12. Nc3 g6 13. Be3 Bg7 14. Rfe1 0-0 15. Rad1 Qc8 16. Qe4 Rd8 17. Rc1 Qc7 18. Bf4 Qa5 19. Red1 Nxf4 20. Qxf4 Nxe5 21. Re1 Nd3 0-1

[Event "Sachsen-Anhalt-ch op"]
[Site "Magdeburg"]
[Date "2022.10.30"]
[Round "3"]
[White "Murrak, Enrico"]
[Black "Ehrecke, Felix"]
[Result "1/2-1/2"]
[WhiteElo "1571"]
[BlackElo "1609"]
[PlyCount "42"]
[EventDate "2022.10.29"]
[EventType "swiss"]
[EventRounds "7"]
[EventCountry "GER"]
[SourceTitle "CBM 211 Extra"]
[Source "ChessBase"]
[SourceDate "2023.01.31"]
[SourceVersion "1"]
[SourceVersionDate "2023.01.31"]
[SourceQuality "1"]

1. e4 e5 2. Nf3 Nc6 3. Bc4 Nf6 4. d3 Be7 5. c3 0-0 6. Bb3 d5 7. exd5 Nxd5 8. 0-0 Kh8 9. Nbd2 Bg4 10. Ne4 Qd7 11. Ng3 f6 12. h3 Be6 13. Bc2 Rad8 14. Kh2 Nf4 15. Bxf4 exf4 16. Ne2 Bd6 17. d4 Bf5 18. Rh1 Rfe8 19. Qd2 Re7 20. Bxf5 Qxf5 21. Rhe1 Rde8 1/2-1/2

[Event "Sachsen-Anhalt-ch op"]
[Site "Magdeburg"]
[Date "2022.10.29"]
[Round "1"]
[White "Wehrmann, Jens"]
[Black "Ehrecke, Felix"]
[Result "0-1"]
[WhiteElo "1351"]
[BlackElo "1609"]
[PlyCount "54"]
[EventDate "2022.10.29"]
[EventType "swiss"]
[EventRounds "7"]
[EventCountry "GER"]
[SourceTitle "CBM 211 Extra"]
[Source "ChessBase"]
[SourceDate "2023.01.31"]
[SourceVersion "1"]
[SourceVersionDate "2023.01.31"]
[SourceQuality "1"]

1. e4 c5 2. Nf3 e6 3. d4 cxd4 4. Nxd4 Nf6 5. Nc3 Nc6 6. f3 Bb4 7. Nxc6 bxc6 8. Bd2 0-0 9. Bd3 d5 10. e5 Nd7 11. f4 Nc5 12. Qf3 Nxd3+ 13. Qxd3 a5 14. a3 Ba6 15. Qe3 d4 16. Qf3 dxc3 17. Bxc3 Bxc3+ 18. Qxc3 Qd5 19. Kf2 Qe4 20. Kg3 h5 21. Rhe1 h4+ 22. Kxh4 Qxf4+ 23. Kh3 g6 24. g3 Qf2 25. Qe3 Bf1+ 26. Kg4 Qf5+ 27. Kh4 Qh5# 0-1

[Event "DSOL 02 Liga Gr-D 1st"]
[Site "Playchess.com INT"]
[Date "2020.06.25"]
[Round "1.4"]
[White "Ehrecke, Felix"]
[Black "Kasims, Stefans"]
[Result "0-1"]
[WhiteElo "1482"]
[BlackElo "1796"]
[PlyCount "54"]
[EventDate "2020.06.22"]
[EventType "team-tourn (rapid)"]
[EventCountry "GER"]
[SourceTitle "EXT 2021"]
[Source "ChessBase"]
[SourceDate "2020.10.23"]
[SourceVersion "1"]
[SourceVersionDate "2020.10.23"]
[SourceQuality "1"]
[WhiteTeam "Stendal"]
[BlackTeam "Ebersberg Grafing"]
[WhiteTeamCountry "GER"]
[BlackTeamCountry "GER"]

1. e4 c5 2. Nf3 Nc6 3. d4 cxd4 4. Nxd4 Nf6 5. Nc3 e5 6. Ndb5 d6 7. Bg5 a6 8. Bxf6 gxf6 9. Na3 b5 10. Nd5 Bg7 11. c3 f5 12. f3 fxe4 13. fxe4 0-0 14. g3 Be6 15. Bg2 Ne7 16. Nxe7+ Qxe7 17. 0-0 Rad8 18. Nc2 Kh8 19. Nb4 Qc7 20. Kh1 Bc4 21. Rf5 a5 22. Nd5 Bxd5 23. Qxd5 Qc5 24. Rd1 b4 25. cxb4 axb4 26. Bf1 Qc2 27. Qxd6 Rxd6 0-1